K postavení soukromého podnikání v národním hospodářství.

Vyjasnenie pojmov "všeľudové" (štátne a komunálne) a družstevné vlastníctvo a súkromné vlastníctvo v pravom slova zmysle. Úvahy o postavení súkromného podnikania. Charakteristické črty súkromného podnikania.

Salvato in:
Dettagli Bibliografici
Autore principale: Schulz, J.
Natura: Capitolo di libro
Lingua:ceco
Soggetti:
Tags: Aggiungi Tag
Nessun Tag, puoi essere il primo ad aggiungerne!!

MARC

LEADER 00000naa a2200000 4500
001 r003376
005 20220819175309.6
041 0 |a cze 
044 |a [CS] 
245 1 0 |a K postavení soukromého podnikání v národním hospodářství.  |c J. Schulz 
520 |a Vyjasnenie pojmov "všeľudové" (štátne a komunálne) a družstevné vlastníctvo a súkromné vlastníctvo v pravom slova zmysle. Úvahy o postavení súkromného podnikania. Charakteristické črty súkromného podnikania. 
610 2 0 |a podnikanie súkromné 
610 2 0 |a vlastníctvo štátne 
610 2 0 |a vlastníctvo družstevné 
610 2 0 |a vlastníctvo súkromné 
100 1 |a Schulz, J.